Blockchain a jeho využitie

V poslednej dobe sa najmä vďaka obrovskej popularite kryptomien dostala do povedomia technologických nadšencov, ale aj širokej verejnosti, technológia blockchain. Dôvodom všeobecného nadšenia z tejto technológie je, že použitie blocchainu garantuje dôveryhodnosť transakcií, ktoré sú v ňom vykonávané...

Description complète

Enregistré dans:
Détails bibliographiques
Auteur principal: Petriska, Peter
Format: Chapitre de livre
Langue:slovaque
Sujets:
Tags: Ajouter un tag
Pas de tags, Soyez le premier à ajouter un tag!

MARC

LEADER 00000naa a2200000 4500
001 0246661
005 20180730105117.0
041 0 |a slo 
044 |a CZ 
245 1 0 |a Blockchain a jeho využitie  |c Peter Petriska 
520 |a V poslednej dobe sa najmä vďaka obrovskej popularite kryptomien dostala do povedomia technologických nadšencov, ale aj širokej verejnosti, technológia blockchain. Dôvodom všeobecného nadšenia z tejto technológie je, že použitie blocchainu garantuje dôveryhodnosť transakcií, ktoré sú v ňom vykonávané. Spoločnosti po celom svete investujú do blockchain R&D (Research and Development) a vznikajú rôzne PoC (Proof of Concept), ktoré viac či menej úspešne potvrdzujú svoju použiteľnosť. Najviac realizovaný PoCs testov je dnes asi vo finančnom sektore (konkrétne príklady). Okrem finančného sektora sa do projektov púšťajú aj iné sektory, napr. automobilový priemysel alebo verejná správa (konkrétne príklady). 
610 2 0 |a technológie nové 
610 2 0 |a inovácie technologické 
610 2 0 |a digitalizácia 
610 2 0 |a báza dát 
610 2 0 |a technológie informačné 
100 1 |a Petriska, Peter